Southville International School and Colleges
Your cart is empty.
  • Cart
  • Lists
    Public lists Eva Luna New books Lux_list list_1
    Your lists Log in to create your own lists
  • Log in to your account
  • Your cookies
  • Search history
Southville International School and Colleges
  • Advanced search
  • Recent comments
  • Most popular
  • Libraries

Log in to your account

Log in with GOOGLE


If you do not have an external account, but do have a local account, you can still log in:

  1. Home
  2. MARC view: How to write research papers /
Normal view MARC view ISBD view

How to write research papers / (Record no. 9323)

[ view plain ]
MARC details
000 -LEADER
fixed length control field 00790pam a2200265 a 4500
001 - CONTROL NUMBER
control field 654955
003 - CONTROL NUMBER IDENTIFIER
control field SISC
005 - DATE AND TIME OF LATEST TRANSACTION
control field 20160321093556.0
008 - FIXED-LENGTH DATA ELEMENTS--GENERAL INFORMATION
fixed length control field 941122s1995 nyu b 000 0 eng
010 ## - LIBRARY OF CONGRESS CONTROL NUMBER
LC control number 94044458
020 ## - INTERNATIONAL STANDARD BOOK NUMBER
International Standard Book Number 0028621999
040 ## - CATALOGING SOURCE
Original cataloging agency DLC
Transcribing agency DLC
Modifying agency DLC
050 00 - LIBRARY OF CONGRESS CALL NUMBER
Classification number LB 2369
Item number .So267 1995 1998
082 00 - DEWEY DECIMAL CLASSIFICATION NUMBER
Classification number HS 808.02
Item number So6 1995
100 1# - MAIN ENTRY--PERSONAL NAME
Personal name Sorenson, Sharon.
9 (RLIN) 13221
245 10 - TITLE STATEMENT
Title How to write research papers /
Statement of responsibility, etc Sharon Sorenson.
260 ## - PUBLICATION, DISTRIBUTION, ETC. (IMPRINT)
Place of publication, distribution, etc New York :
Name of publisher, distributor, etc Macmillan,
Date of publication, distribution, etc c1995.
300 ## - PHYSICAL DESCRIPTION
Extent 106 p. :
Dimensions 21 cm.
650 #0 - SUBJECT ADDED ENTRY--TOPICAL TERM
Topical term or geographic name as entry element Report writing.
9 (RLIN) 1734
906 ## - LOCAL DATA ELEMENT F, LDF (RLIN)
a 7
b cbc
c orignew
d 1
e ocip
f 19
g y-gencatlg
942 ## - ADDED ENTRY ELEMENTS (KOHA)
Source of classification or shelving scheme Library of Congress Classification
Koha item type Books
Holdings
Withdrawn status Lost status Source of classification or shelving scheme Damaged status Home library Current library Shelving location Date acquired Total Checkouts Full call number Barcode Date last seen Copy number Price effective from Koha item type Total Renewals Date checked out
    Library of Congress Classification   Luxembourg Library Luxembourg Library High School Section 08/24/2013   LB 2369 .So267 1995 7490 03/21/2016 1 08/24/2013 Books    
    Library of Congress Classification   Luxembourg Library Luxembourg Library High School Section 08/30/2013 1 LB 2369 .So267 1998 7377 12/05/2017 2 08/30/2013 Books 24 05/16/2017

How to write research papers /

APA

Sorenson S., . (1995). How to write research papers. New York: Macmillan.

Chicago

Sorenson Sharon, . 1995. How to write research papers. New York: Macmillan.

Harvard

Sorenson S., . (1995). How to write research papers. New York: Macmillan.

MLA

Sorenson Sharon, . How to write research papers. New York: Macmillan. 1995.

  • Place hold
  • Print
  • Cite
  • Add to your cart (remove)
  • Save record
    BIBTEX Dublin Core MARCXML MARC (non-Unicode/MARC-8) MARC (Unicode/UTF-8) MARC (Unicode/UTF-8, Standard) MODS (XML) RIS
  • More searches
    Search for this title in:
    Other Libraries (WorldCat) Other Databases (Google Scholar) Online Stores (Bookfinder.com) Open Library (openlibrary.org)

Exporting to Dublin Core...

SOUTHVILLE LIBRARY

Southville International School and Colleges Library

1281 Tropical Ave. Cor. Luxembourg St., BF Homes International, Las Pinas City

Tel. No. 8256374 / 252358 Loc. 117/146

Powered by Koha